00428nam a2200133Ia 4500008004100000020001800041082001700059100003400076245006400110250001000174260002400184300001700208650006900225120622s9999 xx 000 0 und d a970-07-7403-9 a344.01 T258d aTenopala Mendizábal, Sergio aDerecho procesal del trabajo / Sergio Tenopala Mendizábal a2a.ed aMéxico : Porrúa axxiii, 996 p a1. DERECHO LABORAL \ 2. PROCEDIMIENTO CIVIL (DERECHO LABORAL)Ì